000 00743nam a2200241 i 4500
001 C2-0242866
003 PPAK
005 20180727204746.0
008 021006s2001 my |||| ||||| | may d
020 _a9830993574
040 _aPPAK
_beng
_cPPAK
_erda
082 0 4 _a956.94
_223
090 0 0 _a956.94
_bAZZ
_dG
100 1 _aAz-Zuhaili, Wahbah,
_cDr.
_eauthor
245 1 0 _aBaitul Maqdis (Al-Quds) :
_bantara kelebihan & kezaliman Zionis
264 1 _aKuala Lumpur :
_bAl-Hidayah Publishers ,
_c2001
300 _axi, 231 pages ;
_c21 cm
336 _2rdacontent
_atext
337 _2rdamedia
_aunmediated
338 _2rdacarrier
_avolume
650 1 0 _aIsrael - Arab conflicts ; Zionism - History ; Jerusalem - History
942 _ddc
_cB
999 _c57572
_d57572